Faculty of Law Library — Cairo University

Official Online Catalog

العاملون المدنيون بالدولة والكادرات الخاصة : (Record no. 49092)

MARC details
000 -LEADER
fixed length control field 02052nam a2200337 i 4500
003 - CONTROL NUMBER IDENTIFIER
control field EG-GICUC
005 - DATE AND TIME OF LATEST TRANSACTION
control field 20260121101441.0
008 - FIXED-LENGTH DATA ELEMENTS--GENERAL INFORMATION
fixed length control field 251208s2007 ua ||||fr|||| 00| 0 ara d
017 ## - COPYRIGHT OR LEGAL DEPOSIT NUMBER
Copyright or legal deposit number ٢٤٤٨٩ / ٢٠٠٦
040 ## - CATALOGING SOURCE
Original cataloging agency EG-GICUC
Language of cataloging ara
Transcribing agency EG-GICUC
Modifying agency EG-GICUC
Description conventions rda
041 0# - LANGUAGE CODE
Language code of text/sound track or separate title ara
082 04 - DEWEY DECIMAL CLASSIFICATION NUMBER
Edition number 21
Classification number 345.4391
Item number م ح . ع
092 04 - LOCALLY ASSIGNED DEWEY CALL NUMBER (OCLC)
Edition number 21
099 ## - LOCAL FREE-TEXT CALL NUMBER (OCLC)
Classification number Law1 07 345.4391 م ح . ع 1 ed - 2007
100 0# - MAIN ENTRY--PERSONAL NAME
Personal name محمد ماهر أبو العينين
Relator term مؤلف.
245 12 - TITLE STATEMENT
Title العاملون المدنيون بالدولة والكادرات الخاصة :
Remainder of title في قضاء وإفتاء مجلس الدولة (۲۰۰۷ .۱۹۹۸) مع الإشارة إلى أهم الأحكام والفتاوى الأقدم.
Number of part/section of a work الكتاب الأول،
Name of part/section of a work العاملون المدنيون بالدولة /
Statement of responsibility, etc. المستشار الدكتور / محمد ماهر أبو العينين.
250 ## - EDITION STATEMENT
Edition statement الطبعة الأولى
264 #1 - PRODUCTION, PUBLICATION, DISTRIBUTION, MANUFACTURE, AND COPYRIGHT NOTICE
Place of production, publication, distribution, manufacture القاهرة :
Name of producer, publisher, distributor, manufacturer دار النهضة العربية،
Date of production, publication, distribution, manufacture, or copyright notice 2007.
300 ## - PHYSICAL DESCRIPTION
Extent 1000 ؛صفحة
Dimensions 24 سم.
336 ## - CONTENT TYPE
Source rda content
Content type term text
337 ## - MEDIA TYPE
Source rda media
Media type term Computer
338 ## - CARRIER TYPE
Source rda carrier
Carrier type term Online Resource
505 ## - FORMATTED CONTENTS NOTE
Formatted contents note - القضاء الإدارى ومنازعات الموظفين<br/>- شغل الوظائف طبقاً لقانون العاملين المدنيين<br/>الحقوق المالية للموظف : المرتب والعلاوات وا -<br/>- الأقدمية وتسوية الحالة<br/>-تقارير الكفاية والترقية<br/>النقل والندب والإعارة والإجازات.
505 ## - FORMATTED CONTENTS NOTE
Formatted contents note ملحق خاص<br/>مشروع قانون الوظيفة العامة الجديد - والحقوق الذاتية للموظفين ملاحظات على مشروع القانون والتعليق على أهم أحكامه.
546 ## - LANGUAGE NOTE
Language note النص باللغة العربية
650 14 - SUBJECT ADDED ENTRY--TOPICAL TERM
Topical term or geographic name entry element تصحيح أوضاع العاملين
650 14 - SUBJECT ADDED ENTRY--TOPICAL TERM
Topical term or geographic name entry element القانون الإداري
856 40 - ELECTRONIC LOCATION AND ACCESS
Uniform Resource Identifier <a href="https://fll.law.cu.edu.eg/fulltext/bks/B07-01374.pdf">https://fll.law.cu.edu.eg/fulltext/bks/B07-01374.pdf</a>
905 ## - Cataloger and Reviser Names
Cataloger Name: Sara El-Gendy
Revisor Name: Yara
942 ## - ADDED ENTRY ELEMENTS (KOHA)
Source of classification or shelving scheme Dewey Decimal Classification
Koha item type Books
Edition 21
Suppress in OPAC No
Holdings
Withdrawn status Lost status Source of classification or shelving scheme Materials specified (bound volume or other part) Damaged status Not for loan Collection Home library Current library Date acquired Total checkouts Full call number Barcode Date last seen Copy number Price effective from Koha item type
    Dewey Decimal Classification V1   Not for loan القانون الإداري جــــامعة القــاهرة مكتبة كلية الحقوق - المبنى الرئيسي 08.12.2025   Law1 07 345.4391 م ح . ع 1 ed - 2007 0701374 V1, C1 B07-01374 08.12.2025 1 08.12.2025 Books

© All rights reserved — Faculty of Law, Cairo University